Управление технологическими процессами и производствами. Комплексная разработка систем управления (Запись № 12455393)

Подробности
000 -МАРКЕР
контрольное поле 03093nam0a2200433 4500
001 - ИДЕНТИФИКАТОР ЗАПИСИ
контрольное поле RU\NLR\BIBL_A\012559210
005 - ИДЕНТИФИКАТОР ВЕРСИИ
контрольное поле 20260128132146.0
010 ## - МЕЖДУНАРОДНЫЙ СТАНДАРТНЫЙ НОМЕР КНИГИ (ISBN)
Номер (ISBN) 978-5-502-01398-7
Тираж 90
021 ## - НОМЕР ГОСУДАРСТВЕННОЙ РЕГИСТРАЦИИ
Код страны Российская Федерация
Номер КН-П-21-013384
Номер Листа государственной регистраци КН-П-21-1080
035 ## - ДРУГИЕ СИСТЕМНЫЕ НОМЕРА
Идентификатор записи (NLR Aleph) 012559210
100 ## - ДАННЫЕ ОБЩЕЙ ОБРАБОТКИ
Данные общей обработки 20210706d2020 u y0rusy50 ca
101 0# - ЯЗЫК РЕСУРСА
Язык текста, звукозаписи и т.д. русский
102 ## - СТРАНА ПУБЛИКАЦИИ ИЛИ ПРОИЗВОДСТВА
Страна публикации Российская Федерация
105 ## - ПОЛЕ КОДИРОВАННЫХ ДАННЫХ: ТЕКСТОВЫЕ МАТЕРИАЛЫ, МОНОГРАФИЧЕСКИЕ
Кодированные данные о монографическом текстовом документе a z 000zy
181 #0 - ПОЛЕ КОДИРОВАННЫХ ДАННЫХ: ВИД СОДЕРЖАНИЯ
Код вида содержания (ISBD) i
Код характеристики содержания (ISBD) axxe
182 #0 - ПОЛЕ КОДИРОВАННЫХ ДАННЫХ: ТИП СРЕДСТВА
Код типа средства (ISBD) n - непосредственное
200 1# - ЗАГЛАВИЕ И СВЕДЕНИЯ ОБ ОТВЕТСТВЕННОСТИ
Основное заглавие Управление технологическими процессами и производствами. Комплексная разработка систем управления
Сведения, относящиеся к заглавию учебное пособие для направления подготовки 15.03.04 - Автоматизация технологических процессов и производств
Первые сведения об ответственности Э.М. Мончарж, Е.Г. Наумова, Н.А. Нажимова, Н.О. Кулигина
Последующие сведения об ответственности Министерство науки и высшего образования Российской Федерации, Федеральное государственное бюджетное образовательное учреждение высшего образования "Нижегородский государственный технический университет им. Р. Е. Алексеева", Дзержинский политехнический институт
203 ## - ВИД СОДЕРЖАНИЯ И ТИП СРЕДСТВА
Вид содержания Текст
Дополнительные сведения об издании визуальный
Тип средства непосредственный
210 ## - ПУБЛИКАЦИЯ, РАСПРОСТРАНЕНИЕ И ДР.
Место издания, распространения и т.д. Нижний Новгород
Имя издателя, распространителя и т. д. Нижегородский государственный технический университет им. Р.Е. Алексеева
Дата издания, распространения и т.д. 2020
215 ## - ФИЗИЧЕСКАЯ ХАРАКТЕРИСТИКА
Специфическое обозначение материала и объем 122, [1] с.
Другие сведения о физической характеристике ил.
Размеры 20
300 ## - ОБЩИЕ ПРИМЕЧАНИЯ
Текст примечания Авт. указаны на обороте тит. с.
320 ## - ПРИМЕЧАНИЯ О НАЛИЧИИ В ДОКУМЕНТЕ БИБЛИОГРАФИИ / УКАЗАТЕЛЯ
Текст примечания Библиогр.: с. 122 (11 назв.)
606 1# - НАИМЕНОВАНИЕ ТЕМЫ КАК ПРЕДМЕТ
Наименование темы Нефть
Формальный подзаголовок Учебные издания для высших учебных заведений
Тематический подзаголовок Переработка
-- АСУТП
Системный номер авторитетной/нормативной записи 2190300
Идентификатор авторитетной/нормативной записи RU\NLR\AUTH\661316686
606 1# - НАИМЕНОВАНИЕ ТЕМЫ КАК ПРЕДМЕТ
Наименование темы Химико-технологические процессы
Формальный подзаголовок Учебные издания для высших учебных заведений
Тематический подзаголовок АСУ
Системный номер авторитетной/нормативной записи 2272694
Идентификатор авторитетной/нормативной записи RU\NLR\AUTH\661362091
686 1# - ИНДЕКСЫ ДРУГИХ КЛАССИФИКАЦИЙ
Индекс Л54-5-05я73-1
686 1# - ИНДЕКСЫ ДРУГИХ КЛАССИФИКАЦИЙ
Индекс Л11-5-05я73-1
701 #1 - ИМЯ ЛИЦА - АЛЬТЕРНАТИВНАЯ ОТВЕТСТВЕННОСТЬ
Начальный элемент ввода Мончарж
Часть имени, кроме начального элемента ввода Э. М.
Расширение инициалов личного имени Эрнст Маркович
701 #1 - ИМЯ ЛИЦА - АЛЬТЕРНАТИВНАЯ ОТВЕТСТВЕННОСТЬ
Графика поля Кириллица
Материалы, к которым относится поле rus
Начальный элемент ввода Наумова
Часть имени, кроме начального элемента ввода Е. Г.
Дополнения к именам, кроме дат канд. техн. наук, иноформ. системы
Расширение инициалов личного имени Елена Геннадьевна
Системный номер авторитетной/нормативной записи 234141
Идентификатор авторитетной/нормативной записи RU\NLR\AUTH\770234197
701 #1 - ИМЯ ЛИЦА - АЛЬТЕРНАТИВНАЯ ОТВЕТСТВЕННОСТЬ
Начальный элемент ввода Нажимова
Часть имени, кроме начального элемента ввода Н. А.
Дополнения к именам, кроме дат канд. техн. наук
Расширение инициалов личного имени Наталья Алексеевна
Системный номер авторитетной/нормативной записи 2694630
Идентификатор авторитетной/нормативной записи RU\NLR\AUTH\770289250
701 #1 - ИМЯ ЛИЦА - АЛЬТЕРНАТИВНАЯ ОТВЕТСТВЕННОСТЬ
Начальный элемент ввода Кулигина
Часть имени, кроме начального элемента ввода Н. О.
Расширение инициалов личного имени Наталья Олеговна
712 02 - НАИМЕНОВАНИЕ ОРГАНИЗАЦИИ - ВТОРИЧНАЯ ОТВЕТСТВЕННОСТЬ
Код отношения Прочие
Начальный элемент ввода Дзержинский политехнический институт
Системный номер авторитетной/нормативной записи 729851
Идентификатор авторитетной/нормативной записи RU\NLR\AUTH\8810115306
942 ## - ДОПОЛНИТЕЛЬНЫЕ ЭЛЕМЕНТЫ ЗАПИСИ (АБИС)
Тип экземпляра АБИС Книга
980 ## - КОЛЛЕКЦИЯ
Название коллекции НБР
980 ## - КОЛЛЕКЦИЯ
Название коллекции Национальная библиография

Нет доступных экземпляров.